San Francisco peace treaty (Record no. 1069517)

MARC details
000 -LEADER
fixed length control field 00944nam a2200289Ia 4500
003 - CONTROL NUMBER IDENTIFIER
control field OSt
005 - DATE AND TIME OF LATEST TRANSACTION
control field 20221006141137.0
008 - FIXED-LENGTH DATA ELEMENTS--GENERAL INFORMATION
fixed length control field 221006b |||||||| |||| 00| 0 eng d
037 ## - SOURCE OF ACQUISITION
Terms of availability Dissertations
040 ## - CATALOGING SOURCE
Original cataloging agency EASL
Transcribing agency EASL
Language of cataloging eng
041 ## - LANGUAGE CODE
Source of code eng
Language code of text/sound track or separate title eng
100 ## - MAIN ENTRY--PERSONAL NAME
Personal name Moirangthem Lakshmi Kumar
9 (RLIN) 644521
110 ## - MAIN ENTRY--CORPORATE NAME
Corporate name or jurisdiction name as entry element Delhi University. Social Sciences. Chinese and Japanese Studies
9 (RLIN) 644522
245 #0 - TITLE STATEMENT
Title San Francisco peace treaty
Remainder of title A study of its background and significance B. M. Tankha
260 ## - PUBLICATION, DISTRIBUTION, ETC.
Date of publication, distribution, etc. 1984
300 ## - PHYSICAL DESCRIPTION
Extent 147p.
Dimensions cm.
490 ## - SERIES STATEMENT
Volume/sequential designation A Dis
500 ## - GENERAL NOTE
General note Both Acc. Nos. are of same dissertation
650 ## - SUBJECT ADDED ENTRY--TOPICAL TERM
Topical term or geographic name entry element Diss
9 (RLIN) 644523
700 ## - ADDED ENTRY--PERSONAL NAME
Personal name Delhi University. Social Sciences. Chinese and Japanese Studies
9 (RLIN) 644524
942 ## - ADDED ENTRY ELEMENTS (KOHA)
Classification part 0000033, MOI
Koha item type Dissertations
Source of classification or shelving scheme Colon Classification (CC)

No items available.

Copyright @ Delhi University Library System